[Event "Guelph Winter Pro-Am U1600"]
[Site "Guelph"]
[Date "2012.02.11"]
[Round "2"]
[White "Andronescu, Tiberiu"]
[Black "Aghamalian, Leonid"]
[Result "1-0"]
[WhiteElo "1346"]
[BlackElo "1432"]
[PlyCount "40"]
[EventDate "2012.02.10"]
[EventType "swiss"]
[EventRounds "5"]
[EventCountry "CAN"]
[SourceTitle "EXT 2022"]
[Source "ChessBase"]
[SourceDate "2021.10.06"]
[SourceVersion "1"]
[SourceVersionDate "2021.10.06"]
[SourceQuality "1"]

1. d4 d5 2. c4 Nf6 3. Nc3 c6 4. Nf3 e6 5. Bg5 h6 6. Bh4 Be7 7. e3 Nbd7 8. Bd3 0-0 9. 0-0 dxc4 10. Bxc4 Nb6 11. Bb3 Nbd5 12. a3 Nxc3 13. bxc3 Qa5 14. Qd3 b5 15. Bc2 g6 16. Ne5 g5 17. Nxc6 Qc7 18. Nxe7+ Qxe7 19. Bg3 Qd7 20. Be5 Kg7 1-0

[Event "Guelph Winter Pro-Am U1600"]
[Site "Guelph"]
[Date "2012.02.10"]
[Round "1"]
[White "Zheng, Ethan"]
[Black "Andronescu, Tiberiu"]
[Result "0-1"]
[WhiteElo "911"]
[BlackElo "1346"]
[PlyCount "86"]
[EventDate "2012.02.10"]
[EventType "swiss"]
[EventRounds "5"]
[EventCountry "CAN"]
[SourceTitle "EXT 2022"]
[Source "ChessBase"]
[SourceDate "2021.10.06"]
[SourceVersion "1"]
[SourceVersionDate "2021.10.06"]
[SourceQuality "1"]

1. e4 c5 2. Nf3 a6 3. Bc4 Nc6 4. Nc3 d6 5. d4 Bg4 6. h3 cxd4 7. hxg4 dxc3 8. bxc3 Nf6 9. 0-0 Nxg4 10. Ng5 Nge5 11. Qd5 e6 12. Nxf7 exd5 13. Nxd8 dxc4 14. Nxc6 Nxc6 15. Re1 0-0-0 16. Be3 h5 17. Rab1 h4 18. Bg5 Be7 19. Bxe7 Nxe7 20. e5 d5 21. Re3 Kc7 22. Rh3 Ng6 23. e6 Nf4 24. Re3 Rde8 25. g3 Nxe6 26. Rbe1 Kd7 27. Re5 Nc7 28. Rxe8 Rxe8 29. Rxe8 Nxe8 30. gxh4 Nf6 31. Kg2 Ke6 32. Kf3 Ke5 33. Ke3 Ne4 34. f4+ Kf5 35. Kd4 Kxf4 36. Kxd5 Nxc3+ 37. Kxc4 Nxa2 38. Kc5 Kg4 39. Kb6 Kxh4 40. c4 Nb4 41. Kxb7 g5 42. Kb6 g4 43. Ka5 Nd3 0-1

[Event "CAN-ch U10"]
[Site "Quebec"]
[Date "2008.07.16"]
[Round "7"]
[White "Doknjas, John"]
[Black "Andronescu, Tiberiu"]
[Result "1-0"]
[WhiteElo "1615"]
[BlackElo "1151"]
[PlyCount "65"]
[EventDate "2008.07.14"]
[EventType "swiss"]
[EventRounds "7"]
[EventCountry "CAN"]
[SourceTitle "EXT 2011"]
[Source "ChessBase"]
[SourceDate "2010.11.26"]
[SourceVersion "1"]
[SourceVersionDate "2010.11.26"]
[SourceQuality "1"]

1. d4 d5 2. c4 e6 3. Nc3 Nf6 4. Bg5 c6 5. Nf3 Nbd7 6. e3 Bb4 7. a3 Ba5 8. b4 Bc7 9. c5 0-0 10. Bd3 b6 11. Qc2 h6 12. Bh4 bxc5 13. bxc5 Rb8 14. Rb1 Rxb1+ 15. Qxb1 Ba5 16. Qc2 Qc7 17. 0-0 Qd8 18. Rc1 Bb7 19. Nd2 Qc8 20. Qa4 Ba6 21. Bxa6 Qxa6 22. Nb3 Qb7 23. Nxa5 Qc7 24. Bg3 e5 25. Nxc6 Re8 26. Nxe5 Nxe5 27. dxe5 Qd8 28. exf6 gxf6 29. c6 Re7 30. Nb5 Qc8 31. h3 a6 32. Nc3 Re6 33. Nxd5 1-0

[Event "CAN-ch U10"]
[Site "Quebec"]
[Date "2008.07.15"]
[Round "3"]
[White "Andronescu, Tiberiu"]
[Black "McCleary, Reuben"]
[Result "1/2-1/2"]
[WhiteElo "1151"]
[BlackElo "1341"]
[PlyCount "54"]
[EventDate "2008.07.14"]
[EventType "swiss"]
[EventRounds "7"]
[EventCountry "CAN"]
[SourceTitle "EXT 2011"]
[Source "ChessBase"]
[SourceDate "2010.11.26"]
[SourceVersion "1"]
[SourceVersionDate "2010.11.26"]
[SourceQuality "1"]

1. d4 e6 2. c4 d5 3. Nf3 Nf6 4. Nc3 Bb4 5. Bg5 Nbd7 6. cxd5 exd5 7. a3 Be7 8. Qd2 b6 9. e3 0-0 10. Ne5 Nxe5 11. dxe5 Ne4 12. Bxe7 Qxe7 13. Qxd5 Nxc3 14. Qxa8 Qxe5 15. Qc6 Ne4 16. Bd3 Qxb2 17. 0-0 Nxf2 18. Qc2 Nxd3 19. Qxd3 Bb7 20. e4 Re8 21. Rfe1 Bxe4 22. Qe2 Qd4+ 23. Qe3 Qb2 24. Qe2 Qd4+ 25. Qf2 Qxf2+ 26. Kxf2 Kf8 27. Ra2 Bd5 1/2-1/2

[Event "CAN-ch U08"]
[Site "Ottawa"]
[Date "2007.07.07"]
[Round "7"]
[White "Roberge, Alexandre"]
[Black "Andronescu, Tiberiu"]
[Result "0-1"]
[WhiteElo "754"]
[BlackElo "1192"]
[PlyCount "52"]
[EventDate "2007.07.03"]
[EventType "swiss"]
[EventRounds "7"]
[EventCountry "CAN"]
[SourceTitle "EXT 2022"]
[Source "ChessBase"]
[SourceDate "2021.10.06"]
[SourceVersion "1"]
[SourceVersionDate "2021.10.06"]
[SourceQuality "1"]

1. e4 c5 2. Nf3 g6 3. Bd3 Nc6 4. 0-0 e5 5. Nc3 Nf6 6. Bc4 h6 7. Bb3 b5 8. a4 b4 9. Nd5 Nxe4 10. Qe2 Nf6 11. Nxe5 Nxe5 12. Qxe5+ Be7 13. Nxe7 Qxe7 14. Qxe7+ Kxe7 15. Re1+ Kf8 16. d3 Bb7 17. Bf4 Rc8 18. Bd6+ Kg8 19. Re7 Rf8 20. Bxf7+ Rxf7 21. Re3 Kh7 22. Be5 Ng4 23. Ree1 Rxf2 24. h3 Rxg2+ 25. Kf1 Rf8+ 26. Bf4 Rxf4# 0-1

[Event "CAN-ch U08"]
[Site "Ottawa"]
[Date "2007.07.03"]
[Round "2"]
[White "Andronescu, Tiberiu"]
[Black "Li, Yinshi"]
[Result "0-1"]
[WhiteElo "1192"]
[BlackElo "1284"]
[PlyCount "124"]
[EventDate "2007.07.03"]
[EventType "swiss"]
[EventRounds "7"]
[EventCountry "CAN"]
[SourceTitle "EXT 2022"]
[Source "ChessBase"]
[SourceDate "2021.10.06"]
[SourceVersion "1"]
[SourceVersionDate "2021.10.06"]
[SourceQuality "1"]

1. d4 d5 2. c4 c6 3. Nc3 Nf6 4. e3 Bf5 5. Nf3 e6 6. Be2 Nbd7 7. cxd5 cxd5 8. 0-0 Bd6 9. h3 0-0 10. Qb3 b6 11. Qd1 Rc8 12. Nb5 Bb4 13. Bd3 Bxd3 14. Qxd3 a6 15. Nc3 Bxc3 16. bxc3 b5 17. a4 Qb6 18. Bd2 Rc4 19. axb5 axb5 20. Rfb1 Qc6 21. Rb4 Rxb4 22. cxb4 g6 23. Qc3 Qxc3 24. Bxc3 Ne4 25. Be1 Rc8 26. Ra5 Nd6 27. Ra3 Kg7 28. Rc3 Rxc3 29. Bxc3 Ne4 30. Be1 Nb8 31. Kf1 Nc6 32. Ne5 Nxe5 33. dxe5 f6 34. exf6+ Kxf6 35. Ke2 Ke5 36. Kd3 Kd6 37. f3 Nf6 38. Bh4 Nd7 39. f4 Nb6 40. Kd4 Nc4 41. Bd8 Na3 42. Bb6 Nc2+ 43. Kc3 Ne1 44. g3 Nf3 45. Kd3 e5 46. fxe5+ Nxe5+ 47. Ke2 Nc6 48. Bc5+ Ke5 49. Kf3 d4 50. Ke2 Ke4 51. Kd2 dxe3+ 52. Bxe3 Nxb4 53. g4 Nd5 54. Bc5 b4 55. Kc2 Nf4 56. Bxb4 Nxh3 57. Bd2 Kf3 58. g5 Kg4 59. Kd3 Nxg5 60. Ke2 h5 61. Kf2 Ne4+ 62. Ke2 Nxd2 0-1